| 000 | 00764nam0a22002531 4500 | ||
|---|---|---|---|
| 001 | rc\507602 | ||
| 005 | 20250621112311.0 | ||
| 035 | _a(NLR Aleph) 005748005 | ||
| 090 |
_a4809497 _c4809497 |
||
| 100 | _a20030616d1988 |||y0rusy50 ca | ||
| 101 | 0 | _arus | |
| 102 | _aRU | ||
| 105 | _aa ||||||||| | ||
| 200 | 1 |
_aОтчет о командировке во Францию _fАН СССР, ВИНИТИ |
|
| 210 |
_aМ. _cВИНИТИ _d1988 |
||
| 215 |
_a15 с. _cил. _d21 |
||
| 320 | _aСписок получ. лит.: с. 14-15 | ||
| 333 | _aДСП. Экз. № 000008 | ||
| 700 | 1 |
_aГракович _bЛ.П. _gЛеонид Павлович |
|
| 801 | 0 |
_aRU _bNLR _gpsbo |
|
| 801 | 1 |
_aRU _bELAR _2rusmarc |
|
| 852 |
_aNLR _j89-50К/2067 |
||
| 942 | _cBOOK | ||
| 980 | _aNB | ||